000 01000cam a22002654a 4500
001 13880422
005 20180216032558.0
008 050223s2006 ctua j b 001 0 eng
010 _a 2005005243
020 _a1884158323 (alk. paper)
020 _a9781884158322 (alk. paper)
035 _a(OCoLC)ocm57893945
040 _aDLC
_cDLC
_dBAKER
_dIJC
_dILC
_dC#P
_dBTCTA
_dQBX
_dDLC
041 _aeng
042 _apcc
_alcac
080 _a158.0835 CAR
082 0 0 _a158.0835 CAR
_222
100 1 _a48
101 _aPSI
245 1 0 _aTalk :
_cDale Carlson ; foreword by Kishore Khairnar ; pictures by Carol Nicklaus.
504 _aIncludes bibliographical references (p. [141]-144) and index.
906 _a7
_bcbc
_corignew
_d1
_eecip
_f20
_gy-gencatlg
942 _2ddc
_cBK
999 _c42720
_d42720